[Event "AUTO-ADV-4909"]
[Site "http://www.queenalice.com/game.php?id=1867286"]
[Date "2025.12.19"]
[Round "1"]
[White "Pin"]
[Black "Daniel1962"]
[Result "1-0"]
[WhiteElo "2032"]
[BlackElo "1759"]

1. e4 e6 2. d4 Nf6 3. Bd3 Nc6 4. c3 Be7 5. Nf3 d5 6. e5 Ne4 7. O-O f5 8. Nfd2
Nxd2 9. Nxd2 Bg5 10. f4 Bh6 11. Qh5+ Kd7 12. Nb3 b6 13. Bb5 Bb7 14. Qf7+ Kc8 15.
Qxe6+ Qd7 16. Qxd7+ Kxd7 17. Be3 a6 18. Bd3 g6 19. Rac1 Rag8 20. c4 Nb4 21. Bb1
dxc4 22. Rxc4 Nd5 23. Bc1 Nxf4 24. Bxf4 g5 25. Bxf5+ Kd8 26. Bg3 g4 27. Bh4+ Bg5
28. Bg3 h5 29. e6 h4 30. Bxc7+ Ke7 31. Be5 Rh5 32. Rc7+ Kd8 33. Rxb7 Be3+ 34.
Kh1 h3 35. e7+ Ke8 36. Bd6 hxg2+ 37. Kxg2 Bg5 38. Rb8+ Kf7 39. Rf8+ 1-0

[Event "AUTO-ADV-4909"]
[Site "http://www.queenalice.com/game.php?id=1867291"]
[Date "2025.12.19"]
[Round "1"]
[White "Capixaba789"]
[Black "Pin"]
[Result "1/2-1/2"]
[WhiteElo "1953"]
[BlackElo "2069"]

1. d4 Nf6 2. Nc3 d5 3. f4 Ne4 4. Nf3 Nc6 5. e3 Bg4 6. Be2 e6 7. Nxe4 dxe4 8. Ne5
Nxe5 9. fxe5 Bxe2 10. Qxe2 Qh4+ 11. Qf2 Qh6 12. Bd2 Be7 13. Rf1 O-O 14. O-O-O
Bh4 15. g3 Be7 16. Kb1 c5 17. Bc3 c4 18. h4 b5 19. Qf4 Qxf4 20. exf4 b4 21. Bd2
Rfc8 22. Rfe1 c3 23. Bc1 a5 24. Rxe4 a4 25. d5 exd5 26. Rxd5 Rc7 27. Red4 Rac8
28. Rd7 Rxd7 29. Rxd7 Bf8 30. bxc3 Rxc3 31. Rd3 Rc4 32. f5 h6 33. Bf4 Re4 34.
Rd1 Rc4 35. Rd3 a3 36. Rd1 Bc5 37. Rd8+ Kh7 38. Rc8 Rc3 39. Rc7 Bd4 40. Rxc3
Bxc3 41. Kc1 Kg8 42. Kd1 Kf8 43. Ke2 Ke7 44. Bd2 Bxe5 45. Bxb4+ Kf6 46. g4 Bb2
47. c4 Ke5 48. Kf3 g6 49. fxg6 fxg6 50. c5 h5 51. gxh5 gxh5 52. Ba5 Kf5 53. c6
Ke6 54. c7 Kd7 55. Ke4 Bf6 56. Bb4 Kxc7 57. Bxa3 Bxh4 58. Bc5 Be1 59. Be7 h4 60.
Bxh4 Bxh4 1/2-1/2

[Event "AUTO-MASTER-3292"]
[Site "http://www.queenalice.com/game.php?id=1867570"]
[Date "2026.1.7"]
[Round "1"]
[White "maurice916"]
[Black "Pin"]
[Result "0-1"]
[WhiteElo "1869"]
[BlackElo "2066"]

1. Nf3 Nf6 2. b3 g6 3. Bb2 Bg7 4. e3 O-O 5. c4 c5 6. Be2 Nc6 7. O-O d5 8. cxd5
Nxd5 9. Bxg7 Kxg7 10. Qc2 Ndb4 11. Qxc5 b6 12. Qc3+ Kg8 13. a4 Be6 14. Bb5 Rc8
15. Bxc6 Nxc6 16. Qb2 Nb4 17. Nc3 Nd3 18. Qa3 Bg4 19. Nd4 e5 20. Ndb5 a6 21. Nd6
Rc6 22. Nde4 Be6 23. f4 exf4 24. Rxf4 Nxf4 25. exf4 Bf5 26. Re1 Re8 27. Qb2 Bxe4
28. Rxe4 Rxe4 29. Nxe4 Re6 30. Ng5 Rd6 31. Nf3 Qf6 32. Qxf6 Rxf6 33. g3 Rd6 34.
d4 h6 35. Kf2 Kf8 36. Ke3 f6 37. h3 Ke7 38. Nd2 b5 39. Ne4 Re6 40. Kd3 bxa4 41.
bxa4 Rb6 42. Nc3 Kd6 43. Ne4+ Ke6 44. Nc5+ Kd5 45. Ke3 Rb1 46. Nd3 Ra1 47. Nc5
a5 48. h4 Ra3+ 0-1

[Event "AUTO-MASTER-3292"]
[Site "http://www.queenalice.com/game.php?id=1867571"]
[Date "2026.1.7"]
[Round "1"]
[White "Pin"]
[Black "maurice916"]
[Result "1-0"]
[WhiteElo "2064"]
[BlackElo "1871"]

1. e4 c6 2. d4 d5 3. Nc3 dxe4 4. Nxe4 Nf6 5. Nxf6+ exf6 6. Bc4 Bd6 7. Nf3 O-O 8.
O-O Bg4 9. h3 Bh5 10. Qd3 Bg6 11. Qb3 b5 12. Be2 Re8 13. Be3 Nd7 14. c3 a5 15.
Nh4 Be4 16. f3 Bd5 17. Qc2 Bf8 18. Bf2 Qc7 19. Nf5 g6 20. Ne3 Be6 21. Rad1 Rac8
22. d5 cxd5 23. Nxd5 Bxd5 24. Rxd5 b4 25. c4 Ne5 26. b3 Bg7 27. Rfd1 Red8 28.
Rxd8+ Rxd8 29. Rxd8+ Qxd8 30. Kf1 f5 31. f4 Nc6 32. Bf3 Bd4 33. Be1 Qd6 34. Qd2
Nd8 35. Qe2 Ne6 36. g3 Qc5 37. Bd5 Qd6 38. Bxe6 fxe6 39. Bf2 Kf7 40. Qd2 e5 41.
fxe5 Bxe5 42. Qxd6 Bxd6 43. Ke2 Bc7 44. Kd3 Ke6 45. Be1 h6 46. Kd4 Kd6 47. h4 g5
48. hxg5 hxg5 49. Bd2 g4 50. Bf4+ Kd7 51. Bxc7 Kxc7 52. Ke5 Kc6 53. Kxf5 1-0

[Event "AUTO-OPEN-4587"]
[Site "http://www.queenalice.com/game.php?id=1867654"]
[Date "2026.1.7"]
[Round "2"]
[White "Pin"]
[Black "pizzaiolo72"]
[Result "0-1"]
[WhiteElo "2049"]
[BlackElo "2133"]

1. e4 Nf6 2. d3 e5 3. Bg5 Be7 4. f4 exf4 5. Bxf4 d6 6. Nf3 Bg4 7. Nbd2 O-O 8.
Be2 h6 9. O-O Nc6 10. Qe1 Re8 11. Rf2 Nb4 12. Bd1 Nh5 13. Be3 Bf6 14. d4 c6 15.
a3 Na6 16. c3 Nc7 17. Qf1 Ne6 18. e5 dxe5 19. dxe5 Be7 20. h3 Bf5 21. Nd4 Nxd4
22. Bxh5 Nc2 23. Rxf5 Nxe3 24. Bxf7+ Kh8 25. Qf3 Nxf5 26. Bxe8 Qxd2 27. Qxf5
Rxe8 28. Qf7 Bc5+ 0-1

[Event "AUTO-OPEN-4587"]
[Site "http://www.queenalice.com/game.php?id=1867655"]
[Date "2026.1.7"]
[Round "2"]
[White "pizzaiolo72"]
[Black "Pin"]
[Result "1-0"]
[WhiteElo "2155"]
[BlackElo "2074"]

1. e4 c5 2. Nf3 d6 3. d4 cxd4 4. Nxd4 Nf6 5. Nc3 a6 6. Bd3 e6 7. Be3 Be7 8. g4
Nbd7 9. g5 Ng8 10. h4 Nc5 11. Qe2 Nxd3+ 12. Qxd3 Bd7 13. O-O-O h6 14. f4 Qc7 15.
f5 hxg5 16. hxg5 Rxh1 17. Rxh1 O-O-O 18. fxe6 fxe6 19. Rh7 Bf8 20. Nf3 Ne7 21.
Nd2 Nc6 22. Nc4 Ne5 23. Nxe5 dxe5 24. Qf1 Bc6 25. Rh8 Be7 26. Rxd8+ Qxd8 27. g6
Be8 28. Qc4+ Kb8 29. Qxe6 Bf6 30. Bb6 Qd7 31. Qg8 Bg5+ 32. Kb1 Bf6 33. Nd5 Bg5
34. Bc7+ Ka7 35. Qf8 Qb5 36. Bb6+ Kb8 37. Qd6+ 1-0

[Event "AUTO-OPEN-4587"]
[Site "http://www.queenalice.com/game.php?id=1867656"]
[Date "2026.1.7"]
[Round "2"]
[White "Pin"]
[Black "Capixaba789"]
[Result "1-0"]
[WhiteElo "2054"]
[BlackElo "1965"]

1. e4 e5 2. Nf3 d6 3. d4 exd4 4. Qxd4 Nc6 5. Bb5 Bd7 6. Bxc6 Bxc6 7. Nc3 Nf6 8.
Bg5 Be7 9. O-O-O O-O 10. Rhe1 a6 11. e5 dxe5 12. Qxe5 Bd6 13. Bxf6 Bxe5 14. Rxd8
Bxf6 15. Rxa8 Rxa8 16. Ne4 Bxe4 17. Rxe4 h6 18. c3 c6 19. g3 b5 20. Kc2 c5 21.
Ne5 c4 22. f4 Bd8 23. Rd4 Ba5 24. Rd7 f6 25. Nc6 Bb6 26. Ne7+ Kf8 27. Ng6+ Kg8
28. Ne7+ Kh7 29. Nd5 Bg1 30. Nxf6+ Kg6 31. Ng4 h5 32. Ne5+ Kh7 33. Nf3 Bf2 34.
Nh4 Bc5 35. Nf5 Bf8 36. Kd2 Kg6 37. Nh4+ Kh6 38. Nf3 g6 39. Ng5 h4 40. Rh7# 1-0

[Event "AUTO-OPEN-4587"]
[Site "http://www.queenalice.com/game.php?id=1867657"]
[Date "2026.1.7"]
[Round "2"]
[White "Capixaba789"]
[Black "Pin"]
[Result "0-1"]
[WhiteElo "1923"]
[BlackElo "2028"]

1. d4 Nf6 2. Nc3 d5 3. f4 Bf5 4. Nf3 h6 5. e3 e6 6. Be2 c5 7. O-O Nc6 8. Ne5 Nd7
9. Nxc6 bxc6 10. Bf3 Be7 11. Ne2 O-O 12. Ng3 Bh7 13. c3 cxd4 14. exd4 c5 15. Be3
Rb8 16. dxc5 Nxc5 17. b4 Nd7 18. Bxa7 Rc8 19. Bd4 Bd6 20. Nh5 Nf6 21. Nxf6+ gxf6
22. Bh5 Bg6 23. a4 Kg7 24. Be2 e5 25. Be3 Be4 26. f5 Rxc3 27. Bd2 Rc8 28. b5
Qb6+ 29. Kh1 Bc5 30. Bh5 Bd4 31. Qg4+ Kh7 32. Bxf7 Rxf7 33. Qg6+ Kh8 34. Qxf7
Rg8 35. Bg5 Bxg2+ 36. Kxg2 Rxg5+ 37. Kh1 Bxa1 38. Qf8+ Kh7 39. Qf7+ Rg7 40. Qxd5
Qd4 41. Qxd4 Bxd4 42. a5 Ra7 43. a6 Ra8 44. Kg2 Rb8 45. Rb1 h5 46. Kf3 Kh6 47.
h4 Kg7 48. Ke4 Kf7 49. Kd5 Ke7 50. Kc6 Bb6 51. Rd1 Bf2 52. Rd7+ Ke8 53. Rh7 Rc8+
54. Kb7 Rc4 55. a7 Bxa7 56. Rxh5 Bf2 57. Rh8+ Kf7 58. h5 Kg7 59. Re8 Kh6 60. Re6
Kg5 61. h6 Kxh6 62. Rxf6+ Kg5 63. Rf7 e4 64. Ka6 Ra4+ 0-1

[Event "AUTO-ADV-4904"]
[Site "http://www.queenalice.com/game.php?id=1868670"]
[Date "2026.1.30"]
[Round "2"]
[White "SGF"]
[Black "Pin"]
[Result "0-1"]
[WhiteElo "1785"]
[BlackElo "2064"]

1. e4 c5 2. Qf3 Nc6 3. c3 e5 4. d3 Nf6 5. Be2 Be7 6. Qg3 O-O 7. Bh6 Ne8 8. h4 d6
9. h5 f5 10. exf5 Bxf5 11. a4 Bf6 12. Bxg7 Nxg7 13. h6 Bg6 14. hxg7 Bxg7 15. Nd2
Ne7 16. Ne4 Nf5 17. Qh3 Qb6 18. Rb1 c4 19. Nf3 cxd3 20. Bxd3 d5 21. Neg5 e4 22.
Ne5 Bxe5 23. Nxh7 Bxc3+ 24. Kd1 Qxf2 25. Be2 Ne3+ 26. Kc1 Qxe2 27. Qe6+ Bf7 28.
Nf6+ Bxf6 29. Qxf6 Qc2# 0-1

[Event "AUTO-ADV-4904"]
[Site "http://www.queenalice.com/game.php?id=1868671"]
[Date "2026.1.30"]
[Round "2"]
[White "Pin"]
[Black "SGF"]
[Result "1-0"]
[WhiteElo "2016"]
[BlackElo "1720"]

1. e4 e5 2. Nf3 Qf6 3. Bc4 d6 4. O-O Be7 5. Nc3 c6 6. d4 Qg6 7. dxe5 b5 8. Nxb5
Bh3 9. Ne1 cxb5 10. Bxb5+ Nd7 11. Bxd7+ Kxd7 12. exd6 Bd8 13. Bf4 Nf6 14. e5 Ng4
15. Qd5 Rc8 16. Qb7+ Bc7 17. dxc7 Rhe8 18. Rd1+ Ke7 19. Qb4+ Ke6 20. Rd6+ Kf5
21. Rxg6 Kxg6 22. gxh3 Nxe5 23. Bxe5 Rxe5 24. Qd6+ Re6 25. Qg3+ Kf6 26. h4 Ke7
27. Kh1 g6 28. Nf3 Rc6 29. Re1+ Kf8 30. Ng5 R6xc7 31. Nxh7+ Kg7 32. Ng5 Rxc2 33.
Qe5+ Kh6 34. Nxf7+ Kh7 35. Ng5+ Kh6 36. Qe7 R2c7 37. Qe3 Rc4 38. Ne6+ Kh7 39.
Rd1 Kg8 40. Rd7 Rc1+ 41. Kg2 R1c2 42. Rg7+ Kh8 43. Qh6# 1-0

[Event "AUTO-ADV-4904"]
[Site "http://www.queenalice.com/game.php?id=1868674"]
[Date "2026.1.30"]
[Round "2"]
[White "chessman"]
[Black "Pin"]
[Result "0-1"]
[WhiteElo "2032"]
[BlackElo "2038"]

1. e4 c5 2. Nf3 d6 3. Bb5+ Bd7 4. Bxd7+ Nxd7 5. O-O Ngf6 6. Re1 g6 7. Qe2 Bg7 8.
d3 O-O 9. c3 e5 10. h3 Nh5 11. d4 cxd4 12. cxd4 Nf4 13. dxe5 Nxe2+ 14. Rxe2 Nxe5
0-1

[Event "AUTO-ADV-4904"]
[Site "http://www.queenalice.com/game.php?id=1868675"]
[Date "2026.1.30"]
[Round "2"]
[White "Pin"]
[Black "chessman"]
[Result "1-0"]
[WhiteElo "2007"]
[BlackElo "2045"]

1. d4 d5 2. Nf3 e6 3. e3 Nf6 4. c4 Be7 5. Bd3 O-O 6. Nc3 a6 7. O-O dxc4 8. Bxc4
b5 9. Bd3 Bb7 10. a3 Nc6 11. Bd2 Bd6 12. e4 Re8 13. e5 Bxe5 14. Bxh7+ Nxh7 15.
dxe5 Qd3 16. Qb1 Rad8 17. Qxd3 Rxd3 18. Bf4 Nd4 19. Nxd4 Rxd4 20. Bg3 Red8 21.
Rad1 Rxd1 22. Rxd1 Rxd1+ 23. Nxd1 Kf8 24. Ne3 c5 25. Kf1 Ke7 26. f3 Ng5 27. Bh4
f6 28. exf6+ gxf6 29. Ng4 Nh7 30. Ke2 c4 31. Be1 f5 32. Bb4+ Kd7 33. Ne5+ Ke8
34. g3 Ng5 35. f4 Ne4 36. Ke3 1-0

[Event "AUTO-ADV-4905"]
[Site "http://www.queenalice.com/game.php?id=1869592"]
[Date "2026.2.22"]
[Round "2"]
[White "Pin"]
[Black "SGF"]
[Result "0-1"]
[WhiteElo "2042"]
[BlackElo "1754"]

1. d4 d5 2. Nf3 f6 3. Nc3 e6 4. Bf4 g5 5. Bg3 Bb4 6. e3 a6 7. Bd3 h5 8. h3 h4 9.
Bh2 Nc6 10. Bg6+ Ke7 11. O-O b5 12. e4 Bxc3 13. bxc3 a5 14. Qd2 dxe4 15. Bxe4
Ra6 16. Bxc6 Rxc6 17. Nxg5 fxg5 18. Qxg5+ Nf6 19. Qg7+ Ke8 20. Qxh8+ Kd7 21.
Qg7+ Qe7 22. Qxe7+ Kxe7 23. Be5 Ne4 24. Bf4 Rxc3 25. Rfe1 Bb7 26. Rad1 Rxc2 27.
f3 Ng3 28. Bxg3 hxg3 29. d5 Bc8 30. dxe6 Bxe6 31. a3 a4 32. Rd3 Kf6 33. Rde3 Rc6
34. Re5 Rb6 35. R1e3 Rd6 36. Kf1 Rd1+ 37. Re1 Bc4+ 38. Kg1 Rd3 39. R5e3 Rb3 40.
f4 b4 41. Rxb3 axb3 42. axb4 Kf5 43. Rb1 Kxf4 44. b5 Ke5 45. b6 cxb6 46. Re1+
Kf5 47. Re3 Kf4 48. Re1 Bd3 49. Rd1 Ke3 50. h4 b2 51. h5 b1=Q 52. Rxb1 Bxb1 53.
h6 Bd3 54. Kh1 b5 55. h7 Bxh7 56. Kg1 Bd3 57. Kh1 b4 58. Kg1 b3 59. Kh1 b2 60.
Kg1 b1=Q# 0-1

[Event "AUTO-ADV-4905"]
[Site "http://www.queenalice.com/game.php?id=1869593"]
[Date "2026.2.22"]
[Round "2"]
[White "SGF"]
[Black "Pin"]
[Result "0-1"]
[WhiteElo "1736"]
[BlackElo "2010"]

1. e4 c5 2. Qf3 Nc6 3. c3 d6 4. Be2 Nf6 5. d3 e5 6. Qg3 Be6 7. Bg5 Be7 8. h4 h6
9. Bxf6 Bxf6 10. a4 Qb6 11. b4 cxb4 12. c4 Nd4 13. Bd1 b3 14. Ne2 Nc2+ 15. Bxc2
bxc2 16. Nbc3 Qb2 17. Ra2 Qb1+ 18. Nxb1 cxb1=Q+ 19. Nc1 Qxc1+ 20. Ke2 Qxh1 21.
a5 Qxh4 22. Qxh4 Bxh4 23. Rb2 O-O 24. Rxb7 Rfb8 25. a6 Rxb7 26. axb7 Rb8 27. g3
Bg5 28. f3 Rxb7 29. g4 Rb2+ 30. Kd1 a5 31. Ke1 Rd2 32. Kf1 a4 33. Ke1 a3 34. Kf1
a2 35. Kg1 a1=R# 0-1

[Event "AUTO-OPEN-4642"]
[Site "http://www.queenalice.com/game.php?id=1870181"]
[Date "2026.3.7"]
[Round "1"]
[White "Pin"]
[Black "EdsonEstevam"]
[Result "1-0"]
[WhiteElo "2014"]
[BlackElo "1805"]

1. e4 e5 2. Nc3 Bb4 3. Nd5 Nc6 4. Nxb4 Nxb4 5. Nf3 d6 6. c3 Nc6 7. d4 Nf6 8. Bd3
a6 9. O-O Bg4 10. d5 Ne7 11. Bg5 Nh5 12. h3 h6 13. hxg4 hxg5 14. gxh5 Rxh5 15.
Nh2 Ng6 16. Qxh5 Qd7 17. Qxg5 b5 18. f4 exf4 19. Rxf4 Nxf4 20. Qxf4 Qe7 21. Re1
Kd7 22. e5 Rh8 23. Bf5+ Kd8 24. Nf3 g6 25. Bh3 Qf8 26. Qf6+ Ke8 27. exd6+ 1-0

[Event "AUTO-OPEN-4642"]
[Site "http://www.queenalice.com/game.php?id=1870182"]
[Date "2026.3.7"]
[Round "1"]
[White "EdsonEstevam"]
[Black "Pin"]
[Result "0-1"]
[WhiteElo "1797"]
[BlackElo "2022"]

1. e4 c5 2. Nc3 Nc6 3. Nf3 d6 4. d3 Nf6 5. Bg5 e5 6. Nd5 Be7 7. g3 O-O 8. c4
Nxd5 9. Be2 Nf6 10. Qd2 Be6 11. O-O-O a6 12. Kb1 b5 13. Rc1 Nd4 14. Nxd4 cxd4
15. h3 bxc4 16. dxc4 Nxe4 17. Qc2 Bxg5 18. Rcd1 Nxf2 19. h4 Be3 20. Bf3 Rc8 21.
Be4 d5 22. Bxh7+ Kh8 23. Bd3 e4 24. Be2 Nxh1 25. Rxh1 d3 26. Bxd3 exd3 27. Qxd3
Bh6 28. h5 Qg5 29. cxd5 Rc1+ 30. Rxc1 Qxc1# 0-1